000
00319nam a2200121Ia 4500
008
220204s9999 xx 000 0 und d
082
_a
33(540)
_b
KUR
100
_a
Kurien, C T
245
0
_a
Global capitalism and the Indian economy
260
_a
Hyderabad
_b
Orient Longman
_c
1994
650
_a
Globalization
942
_c
BK
999
_c
41752
_d
41752